书目信息 |
| 题名: |
人工智能业务合规
|
|
| 作者: | 薛颖 , 朱玲凤 , 孟洁 著 | |
| 分册: | ||
| 出版信息: | 北京 机械工业出版社 2025.05 |
|
| 页数: | 13,424页 | |
| 开本: | 23cm | |
| 丛书名: | ||
| 单 册: | ||
| 中图分类: | D922.174 | |
| 科图分类: | ||
| 主题词: | 人工智能--科学技术管理法规--研究--中国 | |
| 电子资源: | ||
| ISBN: | 978-7-111-78023-6 | |
| 000 | 01209nam0 2200253 450 | |
| 001 | 010622231957 | |
| 005 | 20251023091943.49 | |
| 010 | @a978-7-111-78023-6@dCNY99.00 | |
| 100 | @a20250528d2025 em y0chiy0120 ea | |
| 101 | 0 | @achi |
| 102 | @aCN@b110000 | |
| 105 | @aa z 000yy | |
| 106 | @ar | |
| 200 | 1 | @a人工智能业务合规@9ren gong zhi neng ye wu he gui@e体系、方法与实践@f薛颖,朱玲凤,孟洁著 |
| 210 | @a北京@c机械工业出版社@d2025.05 | |
| 215 | @a13,424页@c图@d23cm | |
| 330 | @a本书共15章,分四篇,其中第一篇(第1和2章)汇总了法律人开启人工智能业务合规之路的常见问题,第二篇(第3-8章)全面总结了AI业务研发活动中涉及的各种风险与合规要点,第三篇(第9-12章)总结了人工智能业务上线过程中的风险和合规治理,第四篇(第13-15章)讨论了人工智能业务的法律事务涉及的典型专题性问题,包括AI生成物的著作权、AI业务合规的制度和流程、国外AI合规治理框架。另外还提供了三个附录,涵盖了人工智能合规义务框架、人工智能业务常用法律法规及规范标准、欧盟《人工智能法案》。 | |
| 606 | 0 | @a人工智能@x科学技术管理法规@x研究@y中国 |
| 690 | @aD922.174@v5 | |
| 701 | 0 | @a薛颖@9xue ying@4著 |
| 701 | 0 | @a朱玲凤@9zhu ling feng@4著 |
| 701 | 0 | @a孟洁@9meng jie@4著 |
| 801 | 0 | @aCN@c20250911 |
| 905 | @a河南城建学院图书馆@dD922.174@eX971@ZX971@f1 | |
| 人工智能业务合规:体系、方法与实践/薛颖,朱玲凤,孟洁著.-北京:机械工业出版社,2025.05 |
| 13,424页:图;23cm |
| ISBN 978-7-111-78023-6:CNY99.00 |
| 本书共15章,分四篇,其中第一篇(第1和2章)汇总了法律人开启人工智能业务合规之路的常见问题,第二篇(第3-8章)全面总结了AI业务研发活动中涉及的各种风险与合规要点,第三篇(第9-12章)总结了人工智能业务上线过程中的风险和合规治理,第四篇(第13-15章)讨论了人工智能业务的法律事务涉及的典型专题性问题,包括AI生成物的著作权、AI业务合规的制度和流程、国外AI合规治理框架。另外还提供了三个附录,涵盖了人工智能合规义务框架、人工智能业务常用法律法规及规范标准、欧盟《人工智能法案》。 |
| ● |
| 相关链接 |
|
|
|
正题名:人工智能业务合规
索取号:D922.174/X971
 
预约/预借
| 序号 | 登录号 | 条形码 | 馆藏地/架位号 | 状态 | 备注 |
| 1 | 1635393 | 216353933 | 社科库509/509社科库 85排6列4层/ [索取号:D922.174/X971] | 在馆 |